Jaki był wynik spotkania na EURO 2024? - Statystyki

Ogólne statystyki
  • Ten quiz został rozwiązany 288 razy
  • Średni wynik to 11 z 15
Statystyki odpowiedzi
Zagadnienie Odpowiedź % Poprawnych
Niemcy vs Szkocja 5:1
94%
Holandia vs Francja 0:0
88%
Turcja vs Portugalia 0:3
88%
Albania vs Hiszpania 0:1
81%
Słowenia vs Dania 1:1
81%
Hiszpania vs Włochy 1:0
75%
Słowacja vs Rumunia 1:1
75%
Szkocja vs Szwajcaria 1:1
75%
Szkocja vs Węgry 0:1
69%
Dania vs Anglia 1:1
69%
Słowacja vs Ukraina 1:2
69%
Węgry vs Szwajcaria 1:3
69%
Belgia vs Rumunia 2:0
69%
Belgia vs Ukraina 0:0
63%
Serbia vs Anglia 0:1
63%
Nie znaleziono quizów pasujących do podanych kryteriów
Rozkład punktacji
Procent ludzi z każdym wynikiem
Percentyl według liczby udzielonych odpowiedzi
Twoja historia wyników
Nie rozwiązałeś tego quizu